000
00300nam a2200121Ia 4500
008
220204s9999 xx 000 0 und d
082
_b
DIG
245
0
_a
Digest of tea statistics 1969-70, 1970-71, 1972-73
260
_a
India
_b
Tea board
_c
1970
650
_a
Statistics
650
_a
Tea
942
_c
BK
999
_c
44968
_d
44968